Southville International School and Colleges
Your cart is empty.
  • Cart
  • Lists
    Public lists Eva Luna New books Lux_list list_1
    Your lists Log in to create your own lists
  • Log in to your account
  • Your cookies
  • Search history
Southville International School and Colleges
  • Advanced search
  • Recent comments
  • Most popular
  • Libraries

Log in to your account

Log in with GOOGLE


If you do not have an external account, but do have a local account, you can still log in:

  1. Home
  2. MARC view: The creative writing MFA handbook :
Normal view MARC view ISBD view

The creative writing MFA handbook : (Record no. 7024)

[ view plain ]
MARC details
000 -LEADER
fixed length control field 01321cam a2200325 a 4500
001 - CONTROL NUMBER
control field 14092121
003 - CONTROL NUMBER IDENTIFIER
control field OSt
005 - DATE AND TIME OF LATEST TRANSACTION
control field 20140310181922.0
008 - FIXED-LENGTH DATA ELEMENTS--GENERAL INFORMATION
fixed length control field 050830s2005 nyu 000 0 eng
010 ## - LIBRARY OF CONGRESS CONTROL NUMBER
LC control number 2005025228
020 ## - INTERNATIONAL STANDARD BOOK NUMBER
International Standard Book Number 0826418430 (hardcover)
020 ## - INTERNATIONAL STANDARD BOOK NUMBER
International Standard Book Number 0826418171 (pbk.)
040 ## - CATALOGING SOURCE
Original cataloging agency DLC
Transcribing agency DLC
Modifying agency DLC
050 00 - LIBRARY OF CONGRESS CALL NUMBER
Classification number PE 1405.U6
Item number . K43 2005
082 00 - DEWEY DECIMAL CLASSIFICATION NUMBER
Classification number TR 808.0420
Item number .K19 2005
100 1# - MAIN ENTRY--PERSONAL NAME
Personal name Kealey, Tom.
9 (RLIN) 1786
245 14 - TITLE STATEMENT
Title The creative writing MFA handbook :
Remainder of title a guide for prospective graduate students /
Statement of responsibility, etc Tom Kealey.
260 ## - PUBLICATION, DISTRIBUTION, ETC. (IMPRINT)
Place of publication, distribution, etc New York :
Name of publisher, distributor, etc Continuum,
Date of publication, distribution, etc c2005.
300 ## - PHYSICAL DESCRIPTION
Extent x, 214 p. ;
Dimensions 21 cm.
505 0# - FORMATTED CONTENTS NOTE
Formatted contents note The basics -- What to look for in a creative writing program -- The programs -- The application process -- Decision time -- Your creative writing program.
521 ## - TARGET AUDIENCE NOTE
Target audience note
541 ## - IMMEDIATE SOURCE OF ACQUISITION NOTE
-- 1
562 ## - COPY AND VERSION IDENTIFICATION NOTE
Number of copies 1
650 #0 - SUBJECT ADDED ENTRY--TOPICAL TERM
Topical term or geographic name as entry element Creative writing (Higher education)
Geographic subdivision United States
Form subdivision Handbooks, manuals, etc.
9 (RLIN) 1787
650 #0 - SUBJECT ADDED ENTRY--TOPICAL TERM
Topical term or geographic name as entry element Graduate students
Geographic subdivision United States
Form subdivision Handbooks, manuals, etc.
9 (RLIN) 1788
856 41 - ELECTRONIC LOCATION AND ACCESS
Materials specified Table of contents
Uniform Resource Identifier <a href="http://www.loc.gov/catdir/toc/ecip0518/2005025228.html">http://www.loc.gov/catdir/toc/ecip0518/2005025228.html</a>
906 ## - LOCAL DATA ELEMENT F, LDF (RLIN)
a 7
b cbc
c orignew
d 1
e ecip
f 20
g y-gencatlg
942 ## - ADDED ENTRY ELEMENTS (KOHA)
Source of classification or shelving scheme Library of Congress Classification
Koha item type
Call number prefix
Holdings
Withdrawn status Lost status Source of classification or shelving scheme Damaged status Home library Current library Shelving location Date acquired Total Checkouts Total Renewals Full call number Barcode Date last seen Date checked out Copy number Price effective from Koha item type
    Library of Congress Classification   Luxembourg Library Luxembourg Library Teachers Reference Section 07/18/2013 1 33 PE 1405.U6 .K43 2005 18397 11/20/2018 07/05/2018 1 07/18/2013 Books

The creative writing MFA handbook :

APA

Kealey T., . (2005). The creative writing MFA handbook. New York: Continuum.

Chicago

Kealey Tom, . 2005. The creative writing MFA handbook. New York: Continuum.

Harvard

Kealey T., . (2005). The creative writing MFA handbook. New York: Continuum.

MLA

Kealey Tom, . The creative writing MFA handbook. New York: Continuum. 2005.

  • Place hold
  • Print
  • Cite
  • Add to your cart (remove)
  • Save record
    BIBTEX Dublin Core MARCXML MARC (non-Unicode/MARC-8) MARC (Unicode/UTF-8) MARC (Unicode/UTF-8, Standard) MODS (XML) RIS
  • More searches
    Search for this title in:
    Other Libraries (WorldCat) Other Databases (Google Scholar) Online Stores (Bookfinder.com) Open Library (openlibrary.org)

Exporting to Dublin Core...

SOUTHVILLE LIBRARY

Southville International School and Colleges Library

1281 Tropical Ave. Cor. Luxembourg St., BF Homes International, Las Pinas City

Tel. No. 8256374 / 252358 Loc. 117/146

Powered by Koha